000 00704cam a2200193 4500
001 WB3712-31
008 000000n2001 000 0 eng u
035 _a(Sirsi) u111457
245 _aOFT report attacks RIBA fee guidance
260 _c2001
490 _aContract Journal
_v407(6318) 14 March 2001, 2(1)
520 _aAn OFT report has criticised architects' fees and says that architects and other professions should be fully subject to competition law and unjustified restrictions on competition should be removed.
590 _aWB
650 _aOFT
650 _aCOMPETITION POLICY
650 _aARCHITECTS
690 _aMANAGEMENT-BUSINESS MANAGEMENT-PROFESSIONAL PRACTICE
942 _n0
999 _c66413
_d66413